Tribhuvan University Central Library

Errors committed by grade eight students in reported speech (Record no. 96575)

MARC details
000 -LEADER
fixed length control field 00464nam a22001577a 4500
008 - FIXED-LENGTH DATA ELEMENTS--GENERAL INFORMATION
fixed length control field 201013b xxu||||| |||| 00| 0 eng d
082 ## - DEWEY DECIMAL CLASSIFICATION NUMBER
Classification number CD16685
100 ## - MAIN ENTRY--PERSONAL NAME
Personal name Bhandari, Chhabilal
245 ## - TITLE STATEMENT
Title Errors committed by grade eight students in reported speech
260 ## - PUBLICATION, DISTRIBUTION, ETC. (IMPRINT)
Place of publication, distribution, etc Palpa
Name of publisher, distributor, etc Tansen M. Campus
Date of publication, distribution, etc 2017
502 ## - DISSERTATION NOTE
Dissertation note Dissertation
Degree type Degree in Education
Name of granting institution T U
Year degree granted 2017
546 ## - LANGUAGE NOTE
Language note English
650 ## - SUBJECT ADDED ENTRY--TOPICAL TERM
Topical term or geographic name as entry element English education
650 ## - SUBJECT ADDED ENTRY--TOPICAL TERM
Topical term or geographic name as entry element Error analysis
942 ## - ADDED ENTRY ELEMENTS (KOHA)
Source of classification or shelving scheme Dewey Decimal Classification
Koha item type Audio Visual Materials
Holdings
Withdrawn status Lost status Source of classification or shelving scheme Damaged status Not for loan Home library Current library Date acquired Total Checkouts Full call number Barcode Date last seen Price effective from Koha item type
    Dewey Decimal Classification     Tribhuvan University Central Library Tribhuvan University Central Library 10/13/2020   CD16685 A16636 10/13/2020 10/13/2020 Audio Visual Materials